000 00971nam a2200301 a 4500
001 000016282
005 20250520120032.0
008 100303s1985 dr a 001 0 spa d
020 _z8480000680
040 _aDO-SdBNP
_bspa
_cBNPHU
082 _a370.15
_bL318a, 1985
100 1 _aLara Peña, Erasmo
_936352
245 1 0 _aApuntes y notas de psicología educativa para maestros /
_cErasmo Lara Peña.
260 _aSanto Domingo :
_bTaller,
_c1985.
300 _a292 p. :
_bil. ;
_c23 cm.
490 1 _aBiblioteca Taller
_v125
490 1 _aColección Textos
504 _aBibliografía: p.281-283.
650 0 _aPsicopedagogía
_91570
650 4 _aPsicología del aprendizaje
_92721
650 0 _aPedagogía
_9693
650 4 _aCapacitación docente
_917398
650 4 _aFormación profesional de maestros
_917397
830 0 _aBiblioteca Taller
_v125
_9164
830 0 _aColección Textos
_936354
910 _aValidado. Control de calidad
049 _aBNPD
999 _c15817
_d15817